000 00703nam a2200241Ia 4500
005 20260429112303.0
008 260429s9999||||xx |||||||||||||| ||und||
020 _a9780367433628
041 _aEnglish
082 _a700.72
_bNOR
100 _aNorris, Joe
245 0 _aPlaybuilding as Arts-Based Research :
_bhealth, wellness, social justice and higher education /
_cJoe Norris
250 _a2nd ed.
260 _aNew York :
_bRoutledge/ T & F,
_c2024.
300 _axl, 428 p.; pbk
650 _a Health and wellness
650 _a Higher education
650 _a Social justice
650 _aArts-based research
700 _a Hobbs, Kevin
700 _a Theatre, Mirror
942 _cTB
999 _c53323
_d53323